000 00345nam a22001337a 4500
020 _a978-81-7608-325-6
082 _a300
_bKHA/S
100 _aG.S.KHAMBA
245 _aSUMMATIVE ASSESSMENT TEST PAPERS IN SOCIAL SCIENCE
_bCLASS IX
260 _aJALANDHAR
_bS.DINESH & CO
_c2013
300 _a62
650 _aSELF ASSESSOR SERIES
_zINDIA
942 _cBK
999 _c943
_d943